00720nam a2200241 a 4500001001300000003000900013005001700022008004100039020001000080082001600090100001800106245005200124260004900176300000900225500003500234505003200269650002100301700001800322902000800340942000700348952010800355999001500463nice12345678IN_TiNIC20260116011831.0050524s1969 newa grp 000 0 eng  ac10000a297.4bCOR1 aCorbin, Henry aCreative Imagination in the Sufism of Ibn Arabi aNew JersybPrinceston University Pressc1969 a406p aincludes index and biblioraphy2 afour volumes bound together aSufism-Ibn Arabi1 aCorbin, Henry bSRS cBK 00104070aHMIbHMId2009-03-16g100.00l1o297.4 COR1p07926r2018-01-19s2018-01-18w2026-01-16yEB c4313d4313